000 00802cam a2200217 a 4500
001 000006036
005 20200929151909.0
008 791116s1978 sp 001 p spa
020 _a842760436X
040 _aDO-SdBNP
_bspa
_cBNPHU
082 _a861.3
_bL473c
100 1 _aLedesma, Alonso de,
_d1562-1623.
_917021
245 1 0 _aConceptos espirituales y morales /
_cAlonso de Ledesma ; edicion preparada por Francisco Almagro.
260 _aMadrid :
_bEditora Nacional,
_c1978.
300 _a284 p. ;
_c20 cm.
490 1 _aBiblioteca de visionarios, heterodoxos y marginados
_v24
650 4 _aPoesía española
_9631
650 4 _aLiteratura española
_ySIGLO XX
_93326
700 1 _aAlmagro, Francisco,
_d1911-2007.
_917022
830 0 _aBiblioteca de visionarios, heterodoxos y marginados ;
_n24
_917023
999 _c5832
_d5832